Datum a čas kvízu
27
Celkem bodů
Celkový počet nahraných bodů na tomto kvízu bez doplňovacích otázek.
13.
Pořadí na kvízu
Konečné umístění týmu na tomto kvízu.
Zaznamenané odpovědi
| # | Otázka | Odpověď | Body | Výsledky |
|---|---|---|---|---|
| 1. | Při úterním zasedání Sněmovny... | bojový letoun (F-35) | 1 | |
| 2. | Nepálské úřady minulý týden oz... | C) pytlíkem na výkaly | 1 | |
| 3. | V přepočtu asi 40 milionů koru... | The Beatles | 1 | |
| 4. | V sobotu začal čínský nový rok... | znamení Draka | 1 | |
| 5. | Jako soupeři české reprezentac... | Gruzie | 1 | |
| 6. | Vítězné téma facebookového hla... | 1B 2A 3D 4C | 1 | |
| 7. | Dne 18. dubna 1997 byli odsouz... | Orličtí vrazi | 1 | |
| 8. | Devadesátkovou klasikou je fil... | Fuck Off Guys Good Day | 1 | |
| 9. | Kolik tlačítek má na své předn... | tři | 0 | |
| 10. | Ke kterému městu se v souvislo... | Vsetín | 1 |